A lei do espelho (Registo nº 35948)

Detalhes MARC
000 -Etiqueta do registo
Valores 00746nam a2200241 4500
010 ## - Número ISBN
ISBN 9789722370554
021 ## - Número do Depósito Legal
Código do país Portugal
Número 508012/22
100 ## - Dados gerais de processamento
Dados gerais 20230601d2023 m y0pory50030103ba
101 1# - Língua de publicação
Língua Português
102 ## - País de publicação
País Portugal
200 1# - Titulo e menção de responsabilidade
Título próprio A lei do espelho
Primeira menção de responsabilidade Yoshinori Noguchi
Outras menções de responsabilidade trad. do castelhano Carlos Viana
205 ## - Menção da edição
Edição 1ª. ed.
210 #9 - Publicação
Local de publicação Lisboa
Nome do editor Editorial Presença
Data de publicação 2023
215 ## - Descrição física 
Paginação / Volumes 94 p.
Dimensões 23 cm
304 ## - Nota relativa ao título
Texto de nota Tít. orig.: Kanzeban kagami no housoku
675 ## - CDU
Notação 159.923
Edição BN
Língua por
700 ## - Autor principal
Apelido Noguchi
Nome Yoshinori
Função Autor
ID Autoridade 6391
702 ## - Autor secundário
ID Autoridade 6392
Apelido Viana
Nome Carlos
Função Tradutor
801 #0 - Fonte de origem
País PT
Agência BN
Regras de catalogação RPC
856 41 - Localização e acesso electrónico 
URL <a href="http://rnod.bnportugal.gov.pt/ImagesBN/winlibimg.aspx?skey=&doc=2133500&img=179978&save=true">http://rnod.bnportugal.gov.pt/ImagesBN/winlibimg.aspx?skey=&doc=2133500&img=179978&save=true</a>
090 ## - Tipo de documento
Koha biblioitem number (autogenerated) 35948
990 ## - Elementos KOHA
Tipo de documento Livro
Exemplares
Situação do levantamento Situação do extravio Biblioteca de origem Biblioteca de empréstimo Código de barras Cota Permissão de empréstimo Tipo de documento Forma de aquisição
  Completo Biblioteca Municipal de Viana Do Alentejo Biblioteca Municipal de Viana Do Alentejo 0034467 159.9 NOG Disponível Livro Compra




Powered by Koha